Ricostruisci la Carriera del Calciatore - Jürgen Klinsmann - Statistics

Statistiche generali
  • Questo quiz è stato fatto 2 volte
  • Il punteggio medio è 2 su 9
Statistiche sulle risposte
Hint Risposta % Corretto
1995-1997 Bayern Monaco
100%
1984-1989 Stoccarda
50%
1989-1992 Inter
0%
1981-1984 Kickers Stoccarda
0%
1992-1994 Monaco
0%
2003-2004 OC Blue Star
0%
1997 Sampdoria
0%
1994-1995 Tottenham
0%
1998 Tottenham
0%
Nessun quiz corrispondente trovato
Distribuzione punteggi
Percentuale di utenti per punteggio
Percentile per numero di risposta
I tuoi punteggi nel tempo
Non hai fatto questo quiz